載入...

கடல்புரத்தில்

書目詳細資料
Main Authors: Vannaniilavan, வண்ணநிலவன்
格式: Printed Book
出版: Chennai Nartinai 2012
版:2012
主題:
LEADER 00502nam a22001577a 4500
082 |a 894.8113  |b VAN/K 
100 |a Vannaniilavan  
100 |a வண்ணநிலவன் 
240 |a Kadalpurathil 
245 |a கடல்புரத்தில் 
250 |a 2012 
260 |a Chennai  |b Nartinai  |c 2012 
650 |a Tamil Novel 
942 |c BK 
999 |c 316985  |d 316985 
952 |0 0  |1 0  |4 0  |6 894_811300000000000_VAN_K  |7 0  |9 339007  |a TAM  |b TAM  |d 2020-12-04  |l 0  |o 894.8113 VAN/K  |p TAM28479  |r 2020-12-04  |w 2020-12-04  |y BK